MARC

LEADER 00000nam0a2200000 4500
001 252089
005 20231101232721.0
010 |a 5020287997 
020 |a RU  |b 89-21988ж 
035 |a (RuTPU)RU\TPU\book\274406 
090 |a 252089 
100 |a 20140227a1989 k a0rusy5003 ca 
101 0 |a rus 
102 |a RU 
105 |a a z 001zy 
200 1 |a Полиптихиты (аммониты) и биостратиграфия бореального валанжина  |f Ю. И. Богомолов  |g Академия наук СССР (АН СССР), Сибирское отделение (СО), Институт геологии и геофизики (ИГиГ) ; под ред. В. А. Захарова 
210 |a Новосибирск  |c Наука  |d 1989 
215 |a 200 с.  |c ил. 
225 1 |a Труды Института геологии и геофизики  |v Вып. 696 
320 |a Библиогр.: с. 138-145. 
606 1 |a Аммониты  |x Палеонтология  |2 stltpush  |3 (RuTPU)RU\TPU\subj\28931  |9 52366 
610 1 |a меловой период 
610 1 |a меловые отложения 
610 1 |a СССР 
610 1 |a Север 
610 1 |a биостратиграфия 
610 1 |a изучение 
610 1 |a история 
610 1 |a описание 
610 1 |a зональные группы 
610 1 |a корреляция 
675 |a 564  |z rus  |v 3 
700 1 |a Богомолов  |b Ю. И.  |g Юрий Ильич 
702 1 |a Захаров  |b В. А.  |4 340 
712 0 2 |a Академия наук СССР (АН СССР)  |b Сибирское отделение (СО)  |b Институт геологии и геофизики (ИГиГ)  |c (Новосибирск)  |2 stltpush  |3 (RuTPU)RU\TPU\col\128 
801 0 |a RU  |b RuMRKP  |c 19950417  |g psbo 
801 1 |a RU  |b 63413507  |c 20140227 
801 2 |a RU  |b 63413507  |c 20140325  |g RCR 
942 |c BK